| 000 | 00642nam a2200193 i 4500 | ||
|---|---|---|---|
| 001 | 61794 | ||
| 003 | ES-MaACL | ||
| 005 | 20230906164537.0 | ||
| 007 | t| | ||
| 008 | 031113s1971 sp ||||1| spa d | ||
| 100 | 1 |
_aFarrington, Benjamín. _948903 |
|
| 245 | 1 | 0 |
_aCiencia y Filosofía en la Antigüedad / _cBenjamín Farrington ; traducción de P. Marset y E. Ramos ; Revisión de J.M. López Piñero. |
| 260 |
_aBarcelona : _bAriel, _c[1971] |
||
| 300 |
_a225 p. ; _c18 cm. |
||
| 700 | 1 |
_aMarset, P. _977121 |
|
| 700 | 1 |
_aRamos, Emérita. _995250 |
|
| 700 | 1 |
_aLópez Piñero, José María. _973895 |
|
| 852 |
_aES-MaACL _jC-40362 _bR.78497 |
||
| 999 |
_c61794 _d61794 |
||